000 00662nam a2200229Ia 4500
005 20230114093754.0
008 131103s9999 xx 000 0 und d
010 _aSBN 691061661
040 _aLoreto College
041 _aEnglish
082 _a821.4
_bMAR-BER
100 _aBerthoff,Ann E.
245 4 _aThe resolved soul
_b a study of Marvell's Major poems
_cAnn E.Berthoff
260 _aPrinceton
_bPrinceton University
_c1970
300 _axiii,243 p.
504 _aIncludes appendix,notes and index
630 _aMarvell,Andrew - Criticism
650 _aMarvell,Andrew,1621 - 1678
651 _aEnglish Poetry
850 _aLCLIB
942 _cBK
999 _c13093
_d63572